Every Song by Relient K - Statistics

General Stats
  • This quiz has been taken 33 times
    26 since last reset
  • The average score is 51 of 162
Answer Stats
Album Song % Correct
Mmhmm(2004) Be My Escape
85%
The Anatomy of the Tongue in Cheek(2001) Sadie Hawkins Dance
77%
Air for Free(2016) Air for Free
69%
Two Lefts Don't Make a Right...but Three Do(2003) Mood Rings
69%
Mmhmm(2004) Who I Am Hates Who I've Been
69%
Collapsible Lung(2013) Collapsible Lung
62%
Forget and Not Slow Down(2009) Forget and Not Slow Down
62%
Mmhmm(2004) MMHMM
62%
The Anatomy of the Tongue in Cheek(2001) Pressing On
62%
Forget and Not Slow Down(2009) Candlelight
54%
Two Lefts Don't Make a Right...but Three Do(2003) College Kids
54%
Five Score and Seven Years Ago(2007) Deathbed
54%
Five Score and Seven Years Ago(2007) Devastation and Reform
54%
Mmhmm(2004) High of 75
54%
Mmhmm(2004) I So Hate Consequences
54%
Air for Free(2016) Local Construction
54%
Relient K(2000) My Girlfriend
54%
Forget and Not Slow Down(2009) Sahara
54%
Five Score and Seven Years Ago(2007) The Best Thing
54%
Forget and Not Slow Down(2009) Therapy
54%
Five Score and Seven Years Ago(2007) Forgiven
46%
The Anatomy of the Tongue in Cheek(2001) I'm Lion-O
46%
Five Score and Seven Years Ago(2007) I Need You
46%
Two Lefts Don't Make a Right...but Three Do(2003) In Love with the 80s(Pink Tux to the Prom)
46%
The Creepy EP(2001) Jefferson Airplane
46%
Air for Free(2016) Marigold
46%
Mmhmm(2004) More Than Useless
46%
Five Score and Seven Years Ago(2007) Must Have Done Something Right
46%
Mmhmm(2004) My Girl's Ex Boyfriend
46%
Forget and Not Slow Down(2009) Outro
46%
Air for Free(2016) Runnin'
46%
Forget and Not Slow Down(2009) Savannah
46%
Mmhmm(2004) The One I'm Waiting For
46%
Mmhmm(2004) This Week the Trend
46%
Apathetic(2005) Apathetic Way to Be
38%
Five Score and Seven Years Ago(2007) Bite My Tongue
38%
The Anatomy of the Tongue in Cheek(2001) Breakdown
38%
Air for Free(2016) Bummin'
38%
Air for Free(2016) Cat
38%
Five Score and Seven Years Ago(2007) Come Right Out and Say It
38%
Two Lefts Don't Make a Right...but Three Do(2003) Forward Motion
38%
Two Lefts Don't Make a Right...but Three Do(2003) Gibberish
38%
Air for Free(2016) God
38%
Forget and Not Slow Down(2009) I Don't Need a Soul
38%
Forget and Not Slow Down(2009) If You Want It
38%
Two Lefts Don't Make a Right...but Three Do(2003) Jefferson Aero Plane
38%
Relient K(2000) K Car
38%
Mmhmm(2004) Let It All Out
38%
Mmhmm(2004) Life After Death and Taxes(Failure II)
38%
Forget and Not Slow Down(2009) Over It
38%
Forget and Not Slow Down(2009) Part of It
38%
Five Score and Seven Years Ago(2007) Pleading the Fifth
38%
Relient K(2000) Staples
38%
The Vinyl Countdown(2003) The Vinyl Countdown
38%
Forget and Not Slow Down(2009) This is the End
38%
Two Lefts Don't Make a Right...but Three Do(2003) Trademark
38%
Five Score and Seven Years Ago(2007) Up and Up
38%
Mmhmm(2004) Which to Bury, Us or the Hatchet?
38%
Forget and Not Slow Down(2009) Baby(Outro)
31%
The Nashville Tennis EP(2008) Bee Your Man
31%
Collapsible Lung(2013) Boomerang
31%
Two Lefts Don't Make a Right...but Three Do(2003) Chap Stick, Chapped Lips, and Things Like Chemistry
31%
Relient K(2000) Charles in Charge
31%
Five Score and Seven Years Ago(2007) Crayons Can Melt on Us for All I Care
31%
The Anatomy of the Tongue in Cheek(2001) Down in Flames
31%
Air for Free(2016) Elephant Parade
31%
Air for Free(2016) Empty House
31%
The Anatomy of the Tongue in Cheek(2001) Failure to Excommunicate
31%
Five Score and Seven Years Ago(2007) Faking My Own Suicide
31%
Two Lefts Don't Make a Right...but Three Do(2003) Falling Out
31%
The Vinyl Countdown(2003) Five Iron Frenzy Is Either Dead or Dying
31%
Air for Free(2016) Flower
31%
Employee of the Month(2002) For the Band
31%
The Anatomy of the Tongue in Cheek(2001) For the Moments I Feel Faint
31%
Two Lefts Don't Make a Right...but Three Do(2003) Getting Into You
31%
Five Score and Seven Years Ago(2007) Give Until There's Nothing Left
31%
Air for Free(2016) Heartache
31%
Relient K(2000) Hello McFly
31%
Deck the Halls, Bruise Your Hand(2003) I Celebrate the Day
31%
Forget and Not Slow Down(2009) If You 'Believe Me
31%
Deck the Halls, Bruise Your Hand(2003) I Hate Christmas Parties
31%
Apathetic(2005) In Like a Lion(Always Winter)
31%
The Anatomy of the Tongue in Cheek(2001) Less is More
31%
The Anatomy of the Tongue in Cheek(2001) Lion Wilson
31%
Collapsible Lung(2013) Lost Boy
31%
Mmhmm(2004) Maintain Consciousness
31%
Air for Free(2016) Man
31%
The Anatomy of the Tongue in Cheek(2001) May the Horse Be with You
31%
Air for Free(2016) Mountaintop
31%
Air for Free(2016) Mrs. Hippopotamuses
31%
Relient K(2000) Nancy Drew
31%
Deck the Halls, Bruise Your Hand(2003) Santa Claus is Thumbing to Town
31%
Relient K(2000) Softer to Me
31%
The Nashville Tennis EP(2008) The Lining is Silver
31%
Mmhmm(2004) The Only Thing Worse Than Beating a Dead Horse Is Betting on One
31%
The Bird and the Bee Sides(2008) The Stenographer
31%
Apathetic(2005) The Truth
31%
The Anatomy of the Tongue in Cheek(2001) Those Words Are Not Enough
31%
Relient K(2000) Wake Up Call
31%
The Anatomy of the Tongue in Cheek(2001) What Have You Been Doing Lately?
31%
Mmhmm(2004) When I Go Down
31%
Employee of the Month(2002) Wit's All Been Done Before
31%
The Nashville Tennis EP(2008) You'll Always Be My Best Friend
31%
Relient K(2000) 17 Magazine
23%
Relient K(2000) anchorage
23%
Relient K(2000) Balloon Ride
23%
Relient K(2000) Benediction
23%
Let It Snow, Baby... Let It Reindeer(2007) Boxing Day
23%
The Anatomy of the Tongue in Cheek(2001) Breakfast at Timpani's
23%
The Nashville Tennis EP(2008) Curl Up and Die
23%
Collapsible Lung(2013) Don't Blink
23%
Relient K(2000) Everything Will Be
23%
Two Lefts Don't Make a Right...but Three Do(2003) From End to End
23%
The Nashville Tennis EP(2008) I Just Want You To Know
23%
The Anatomy of the Tongue in Cheek(2001) Kick-Off
23%
The Anatomy of the Tongue in Cheek(2001) Maybe It's Maybeline
23%
Let It Snow, Baby... Let It Reindeer(2007) Merry Christmas, Here's to Many More
23%
Two Lefts Don't Make a Right...but Three Do(2003) Over Thinking
23%
Air for Free(2016) Prodigal
23%
Collapsible Lung(2013) PTL
23%
Collapsible Lung(Bonus)(2013) That's My Jam
23%
The Nashville Tennis EP(2008) The Last, the Lost, the Least
23%
The Anatomy of the Tongue in Cheek(2001) The Rest is Up to You
23%
Relient K(2000) When You're Around
23%
Employee of the Month(2002) A Penny Loafer Saved, A Penny Loafer Earned
15%
The Nashville Tennis EP(2008) At Least We Made It This Far
15%
The Nashville Tennis EP(2008) Beaming
15%
All Work and No Play(1998) Be Rad
15%
Collapsible Lung(2013) Can't Complain
15%
All Work and No Play(1998) Cojack
15%
Collapsible Lung(2013) Disaster
15%
The Bird and the Bee Sides)(Bonus)2008) Fallen Man
15%
Forget and Not Slow Down(2009) Flare(Outro)
15%
Collapsible Lung(2013) Gloria
15%
The Bird and the Bee Sides(2008) Here I Go
15%
Two Lefts Don't Make a Right...but Three Do(2003) Hoopes I Did It Again
15%
Collapsible Lung(2013) If I Could Take You Home
15%
The Anatomy of the Tongue in Cheek(2001) My Way or the Highway
15%
The Nashville Tennis EP(2008) No Reaction
15%
Forget and Not Slow Down(2009) Oasis(Intro)
15%
The Creepy EP(2001) Operation
15%
All Work and No Play(1998) Register
15%
Air for Free(2016) Sleepin'
15%
Collapsible Lung(2013) Sweeter
15%
Forget and Not Slow Down(Bonus)(2009) Terminals
15%
The Nashville Tennis EP(2008) The Scene and Herd
15%
Apathetic(2005) The Thief
15%
Air for Free(2016) | Forget and Not Slow Down(2009) Untitled
15%
Collapsible Lung(2013) When You Were My Baby
15%
The Nashville Tennis EP(2008) Where Do I Go from Here
15%
All Work and No Play(1998) William
15%
Two Lefts Don't Make a Right...but Three Do(2003) Am I Understood?
8%
Let It Snow, Baby... Let It Reindeer(2007) I'm Getting Nuttin' for Christmas
8%
Two Lefts Don't Make a Right...but Three Do(Hidden)(2003) Silly Shoes
8%
The Anatomy of the Tongue in Cheek(Hidden)(2001) Skittles and Combos
8%
The Nashville Tennis EP(2008) There Was Another Time in My Life
8%
The Bird and the Bee Sides(2008) | The Vinyl Countdown(2003) We're Nothing Without You
8%
Five Score and Seven Years Ago(2007) I'm Talking You with Me
0%
Two Lefts Don't Make a Right...but Three Do(2003) Kids In the Street
0%
The Anatomy of the Tongue in Cheek(Bonus)(2001) The Ballad of Tim Eddings
0%
No matching quizzes found
Score Distribution
Percent of People with Each Score
Percentile by Number Answered
Your Score History
You have not taken this quiz since the last reset